1942 1735 1985 1831 1480 1799 1664 1640 1237 1230 1370 1069 1698 1662 1339 1690 1785 1812 1015 1741 1117 1976 1003 1160 1997 1072 1253 1315 1164 1580 1350 1784 1696 1906 1238 1207 1185 1138 1797 1429 1690 1159 1643 1894 1451 1311 1745 1937 1691 1151 1488 1286 1540 1862 1723 1130 1791 1356 1763 1242 1724 1014 1648 1909 1794 1268 1418 1956 1979 1296 1107 1114 1715 1332 1720 1692 1127 1913 1659 1114 1882 1735 1939 1259 1508 1619 1981 1513 1204 1174 1420 1368 1573 1323 1102 1684 1822 1284 1108 BCNSPRNW ULIB Ver.6.0+V

เปลี่ยนเป็นภาษาไทย

Change to English
 แสดงรายละเอียดบรรณานุกรม
  กลับหน้าหลัก

Brief Record : Get Marc (ISO 2709) : E-mail record : QR code < ปิดหน้าต่าง
LEADER : 00000nam 2200000uu 4500
001    13399120486
003     ULIB
008    120920s2550||||th 000 0 tha d
020    ^a9789740937258
060 04 ^aWB310^bว267จ 2550
100 0  ^aวรรณา จารุสมบูรณ์
245 10 ^aจากธุลีสู่ -- ดวงดาว :^bประสบการณ์การเรียนรู้จากช่วงเวลาสุดท้ายของชีวิต /^cวรรณาจารุสมบูรณ์, วริสรา กริชไกรวรรณ
246 30 ^aประสบการณ์การเรียนรู้จากช่วงเวลาสุดท้ายของชีวิต
250    ^aพิมพ์ครั้งที่ 1
260    ^aกรุงเทพฯ :^bสำนักวิจัยสังคมและสุขภาพ (สวสส.),^c2550
300    ^a122 หน้า :^bภาพประกอบ ;^c21 ซม.
650  7 ^aผู้ป่วยใกล้ตาย^xการดูแล
650  7 ^aผู้ป่วยหนัก^xการดูแล
700 0  ^aวริสรา กริชไกรวรรณ
710 2  ^aสำนักวิจัยสังคมและสุขภาพ
945    ^p120^l0^i14787
995    ^aกัณชพร
999 ^a ใช้งานได้ทุกระบบ
รายการนี้ยังไม่มีแท็ก
คุณยังไม่ได้ล็อกอิน คุณสามารถมีกิจกรรมร่วมกับเว็บไซต์ได้ แต่ต้องล็อกอินก่อน ::
  ล็อกอิน

รายการสื่อสารสนเทศ

ลำดับที่ ประเภท เลขเรียก/บาร์โค้ด สถานที่ สถานะ
1. วิทยาศาสตร์การแพทย์ และสุขภาพ
วิทยาศาสตร์การแพทย์ และสุขภาพ
WB310 ว267จ 2550  
  Barcode: 14787
ห้องสมุดวิทยาเขตสวรรค์ประชารักษ์
►ส่วนจัดเก็บหนังสือเก่า สปร
บนชั้น
  ขอยืม

BibComment


ยังไม่เคยถูกคอมเมนท์

คอมเมนท์ทรัพยากรรายการนี้
  คอมเมนท์: จากธุลีสู่ ดวงด..


 Copyright 2026. Bcnsprnw @Library